[Event "Wch Amateurs U2000"]
[Site "Rhodes"]
[Date "2024.11.02"]
[Round "7"]
[White "Kirdyashkina, Ekaterina"]
[Black "Amgalanbaatar, Ravdanlkhumbuu"]
[Result "1-0"]
[WhiteElo "1971"]
[BlackElo "1916"]
[PlyCount "105"]
[EventDate "2024.10.27"]
[EventType "swiss"]
[EventRounds "9"]
[EventCountry "GRE"]
[SourceTitle "CB45_2024"]
[Source "ChessBase"]
[SourceDate "2024.11.06"]
[SourceVersion "1"]
[SourceVersionDate "2024.11.06"]
[SourceQuality "1"]

1. e4 e6 2. d4 d5 3. exd5 exd5 4. Bd3 Nc6 5. c3 Bd6 6. Nf3 Nge7 7. 0-0 Bg4 8. Re1 Qd7 9. h3 Bh5 10. b4 f6 11. Nbd2 Bg6 12. Bf1 0-0 13. Nb3 b6 14. a4 a5 15. b5 Nd8 16. Ra2 Nb7 17. Nh4 Bf7 18. Bd3 g5 19. Nf3 Ng6 20. Rae2 Rae8 21. Nh2 Rxe2 22. Rxe2 Re8 23. Ng4 Kg7 24. Rxe8 Qxe8 25. g3 Be6 26. Qf3 Be7 27. Ne3 Qd8 28. Bf5 Bf7 29. Bg4 Bf8 30. h4 Ne7 31. hxg5 fxg5 32. Nd2 Nd6 33. Qh1 Kh8 34. Nf3 Ng6 35. Ne5 Nxe5 36. dxe5 Nc4 37. Bf5 Bg8 38. Ng4 Bg7 39. e6 Ne5 40. Ne3 Qf6 41. Qxd5 g4 42. Kg2 h5 43. c4 Nf3 44. Be4 Bxe6 45. Qxh5+ Qh6 46. Qe8+ Bg8 47. Nxg4 Ne1+ 48. Kf1 Qh3+ 49. Kxe1 Bc3+ 50. Bd2 Bxd2+ 51. Kxd2 Qxg4 52. Qe5+ Qg7 53. Qh5+ 1-0

[Event "Novorossiysk Small Land Blitz op"]
[Site "Novorossiysk"]
[Date "2023.07.29"]
[Round "11"]
[White "Vetokhin, Savva"]
[Black "Kirdyashkina, Ekaterina"]
[Result "1-0"]
[WhiteElo "2412"]
[BlackElo "1851"]
[PlyCount "57"]
[EventDate "2023.07.29"]
[EventType "swiss (blitz)"]
[EventRounds "13"]
[EventCountry "RUS"]
[SourceTitle "CBM 215 Extra"]
[Source "ChessBase"]
[SourceDate "2023.09.30"]
[SourceVersion "1"]
[SourceVersionDate "2023.09.30"]
[SourceQuality "1"]

1. d4 Nf6 2. c4 e6 3. Nc3 d5 4. cxd5 exd5 5. Bg5 Be7 6. e3 0-0 7. Bd3 c6 8. Qc2 Nbd7 9. Nge2 Re8 10. 0-0 Nf8 11. f3 g6 12. Bh4 Ne6 13. Bf2 Ng7 14. h3 Ne6 15. e4 dxe4 16. fxe4 Nh5 17. Bc4 Bh4 18. Bxh4 Qxh4 19. Rf2 Ng5 20. Raf1 Be6 21. Bxe6 Rxe6 22. e5 Rd8 23. Qc1 Re7 24. Qe3 Ne6 25. Ne4 h6 26. Kh2 Ng5 27. N2c3 Rdd7 28. Rf4 Nxf4 29. Rxf4 1-0

[Event "Novorossiysk Small Land Rapid op"]
[Site "Novorossiysk"]
[Date "2023.07.27"]
[Round "5"]
[White "Demidov, Mikhail"]
[Black "Kirdyashkina, Ekaterina"]
[Result "1/2-1/2"]
[WhiteElo "2587"]
[BlackElo "1851"]
[PlyCount "162"]
[EventDate "2023.07.26"]
[EventType "swiss (rapid)"]
[EventRounds "11"]
[EventCountry "RUS"]
[SourceTitle "CBM 215 Extra"]
[Source "ChessBase"]
[SourceDate "2023.09.30"]
[SourceVersion "1"]
[SourceVersionDate "2023.09.30"]
[SourceQuality "1"]

1. Nf3 Nf6 2. g3 e6 3. Bg2 d5 4. 0-0 Be7 5. b3 0-0 6. Bb2 b6 7. c4 Bb7 8. e3 Nbd7 9. Nc3 c5 10. Qe2 a6 11. Rac1 Rc8 12. cxd5 Nxd5 13. Nxd5 Bxd5 14. d4 b5 15. Rfd1 Qb6 16. e4 Ba8 17. d5 exd5 18. exd5 Rfe8 19. Qd3 Bf6 20. Rc2 Bxb2 21. Rxb2 Nf6 22. Nh4 Rcd8 23. d6 Bxg2 24. Kxg2 Qc6+ 25. Qf3 Rxd6 26. Qxc6 Rxc6 27. Nf5 g6 28. Ne3 Kf8 29. Rc2 Rec8 30. Re1 Rd6 31. Rec1 Nd7 32. h4 Ke7 33. Kf1 Kd8 34. Ke2 Kc7 35. h5 Kb6 36. hxg6 hxg6 37. Rh1 Re8 38. Rd2 Rxd2+ 39. Kxd2 Nf6 40. f3 Rd8+ 41. Kc2 Nd5 42. Nxd5+ Rxd5 43. Rh7 Rd7 44. Rh8 Ka5 45. a3 Rc7 46. Ra8 b4 47. Kb2 Re7 48. axb4+ cxb4 49. Rf8 f5 50. Rf6 Re2+ 51. Kc1 Re3 52. Kc2 Rc3+ 53. Kb2 Rxf3 54. Rxg6 Kb5 55. g4 f4 56. Rg5+ Kc6 57. Rf5 Kd6 58. Ka2 Ke6 59. Kb2 Rf2+ 60. Kb1 f3 61. Ka1 a5 62. Kb1 Kd6 63. Ka1 Ke6 64. Kb1 Rg2 65. Rxf3 Rxg4 66. Rh3 Kd5 67. Kc2 Kd4 68. Rd3+ Kc5 69. Rd2 Rg3 70. Kb2 Re3 71. Kc2 a4 72. bxa4 Ra3 73. Kb2 Rxa4 74. Rh2 Ra3 75. Rh5+ Kc4 76. Rh4+ Kb5 77. Rh5+ Ka4 78. Rh8 Rb3+ 79. Ka2 Rc3 80. Ra8+ Kb5 81. Kb2 Rf3 1/2-1/2

[Event "Novorossiysk Small Land Rapid op"]
[Site "Novorossiysk"]
[Date "2023.07.27"]
[Round "7"]
[White "Khripachenko, Alexander"]
[Black "Kirdyashkina, Ekaterina"]
[Result "0-1"]
[WhiteElo "2252"]
[BlackElo "1851"]
[PlyCount "112"]
[EventDate "2023.07.26"]
[EventType "swiss (rapid)"]
[EventRounds "11"]
[EventCountry "RUS"]
[SourceTitle "CBM 215 Extra"]
[Source "ChessBase"]
[SourceDate "2023.09.30"]
[SourceVersion "1"]
[SourceVersionDate "2023.09.30"]
[SourceQuality "1"]

1. e4 e5 2. Nf3 Nc6 3. Bb5 a6 4. Ba4 Bc5 5. c3 Nge7 6. d4 exd4 7. cxd4 Bb4+ 8. Bd2 Bxd2+ 9. Qxd2 d5 10. exd5 Nxd5 11. Bxc6+ bxc6 12. 0-0 0-0 13. Na3 f6 14. Rac1 Bg4 15. Ne1 Re8 16. Nd3 Re2 17. Qa5 Qd7 18. Nc4 Qf5 19. Nb4 Rae8 20. Nxd5 cxd5 21. Ne3 R8xe3 22. fxe3 Rxg2+ 23. Kxg2 Bh3+ 24. Kg1 Qg4+ 25. Kf2 Qg2+ 26. Ke1 Qxf1+ 27. Kd2 Qf2+ 28. Kc3 Qxe3+ 29. Kc2 Bf5+ 30. Kd1 Qxd4+ 31. Qd2 Bg4+ 32. Kc2 Bf5+ 33. Kd1 Qg1+ 34. Qe1 Bg4+ 35. Kc2 Qxh2+ 36. Kb3 h5 37. Qe8+ Kh7 38. Qe7 Qe5 39. Qb4 Be6 40. Re1 d4+ 41. Ka3 Qd5 42. b3 d3 43. Kb2 Bg4 44. Kc1 Qc6+ 45. Kd2 Qc2+ 46. Ke3 Bf5 47. Qd4 Qg2 48. Qf4 Qd5 49. Rg1 Qc5+ 50. Qd4 Qc6 51. Rf1 Qe6+ 52. Kf4 g5+ 53. Kg3 h4+ 54. Kh2 Kg6 55. Qd8 Qe5+ 56. Kg2 Qg3+ 0-1

[Event "Novorossiysk Small Land Rapid op"]
[Site "Novorossiysk"]
[Date "2023.07.27"]
[Round "6"]
[White "Kirdyashkina, Ekaterina"]
[Black "Truskavetsky, Alexandr"]
[Result "1-0"]
[WhiteElo "1851"]
[BlackElo "2363"]
[PlyCount "93"]
[EventDate "2023.07.26"]
[EventType "swiss (rapid)"]
[EventRounds "11"]
[EventCountry "RUS"]
[SourceTitle "CBM 215 Extra"]
[Source "ChessBase"]
[SourceDate "2023.09.30"]
[SourceVersion "1"]
[SourceVersionDate "2023.09.30"]
[SourceQuality "1"]

1. e4 c5 2. Nf3 d6 3. c3 Nf6 4. Be2 g6 5. 0-0 Bg7 6. d3 0-0 7. Be3 Nc6 8. Nbd2 Rb8 9. h3 b5 10. d4 b4 11. dxc5 bxc3 12. bxc3 d5 13. Nd4 Bd7 14. Bf3 e5 15. N4b3 Be6 16. Qc2 d4 17. Bg5 h6 18. Bh4 a5 19. Nc1 dxc3 20. Qxc3 Nxe4 21. Bxe4 Qxh4 22. Ne2 Ne7 23. Qxa5 f5 24. Bc2 e4 25. Rac1 Nd5 26. Bb3 f4 27. c6 Rxb3 28. axb3 f3 29. Nxf3 exf3 30. Rc4 Qg5 31. Ng3 fxg2 32. Re1 Qf6 33. Qd2 Kh7 34. c7 Bxh3 35. Ne4 Qe5 36. Rc5 Be6 37. Ng5+ Qxg5 38. Qxg5 hxg5 39. Rxe6 Nf4 40. Re7 Rc8 41. Rb5 Ra8 42. Re1 Bd4 43. Rb8 Ra2 44. c8Q Bxf2+ 45. Kh2 Bd4 46. Re7+ Kh6 47. Qh8+ 1-0

[Event "Tuapse Amaks Resort op"]
[Site "Tuapse"]
[Date "2021.09.05"]
[Round "7"]
[White "Zakaryan, David"]
[Black "Kirdyashkina, Ekaterina"]
[Result "1-0"]
[WhiteElo "2304"]
[BlackElo "1909"]
[PlyCount "87"]
[EventDate "2021.08.30"]
[EventType "swiss"]
[EventRounds "9"]
[EventCountry "RUS"]
[SourceTitle "CBM 204 Extra"]
[Source "ChessBase"]
[SourceDate "2021.11.30"]
[SourceVersion "1"]
[SourceVersionDate "2021.11.30"]
[SourceQuality "1"]

1. d4 d5 2. c4 e6 3. Nc3 Nf6 4. cxd5 exd5 5. Bg5 Be7 6. e3 h6 7. Bf4 0-0 8. Bd3 c5 9. dxc5 Nc6 10. Nge2 Bxc5 11. 0-0 Be6 12. Rc1 Qe7 13. a3 Rfd8 14. Na4 Bd6 15. Bxd6 Qxd6 16. Nc5 Rab8 17. Qa4 Ne5 18. Rfd1 h5 19. Qf4 Bg4 20. f3 Bc8 21. Nd4 Kh8 22. Be2 a6 23. Rc3 Nh7 24. h4 f6 25. Nf5 Qb6 26. b4 Ra8 27. Ng3 g6 28. Qh6 Qd6 29. f4 Nd7 30. Qxg6 Rg8 31. Nf5 Qf8 32. Qxh5 Nxc5 33. Rxc5 Bxf5 34. Qxf5 Qe7 35. e4 Rg3 36. Rcxd5 Nf8 37. Rd7 Qe6 38. Rh7+ Kg8 39. Rxb7 Rc8 40. Kh2 Qxf5 41. exf5 Rxa3 42. Rd6 Re3 43. Bf3 Nh7 44. Rxa6 1-0

[Event "World Cup U14 Girls Prel"]
[Site "Tornelo INT"]
[Date "2021.08.11"]
[Round "7"]
[White "Bayasgalan, Khishigbaatar"]
[Black "Kirdyashkina, Ekaterina"]
[Result "1-0"]
[WhiteElo "1640"]
[BlackElo "1844"]
[PlyCount "215"]
[EventDate "2021.08.11"]
[EventType "swiss (rapid)"]
[EventRounds "10"]
[EventCountry "NET"]
[SourceTitle "EXT 2025"]
[Source "ChessBase"]
[SourceDate "2024.10.14"]
[SourceVersion "1"]
[SourceVersionDate "2024.10.14"]
[SourceQuality "1"]

1. d4 d5 2. c4 e6 3. Nf3 Nf6 4. g3 dxc4 5. Bg2 c6 6. 0-0 Be7 7. Ne5 0-0 8. Nxc4 Nbd7 9. Nc3 Nb6 10. Ne5 Nbd5 11. e4 Nxc3 12. bxc3 c5 13. d5 exd5 14. exd5 Bd6 15. Nc4 Bf5 16. Nxd6 Qxd6 17. Bf4 Qd7 18. c4 Rfe8 19. a4 Bh3 20. Qd3 Bf5 21. Qb3 Ne4 22. Rfe1 b6 23. a5 bxa5 24. Rxa5 Nd6 25. Raa1 Bg6 26. Qa3 Nxc4 27. Qxc5 Nb6 28. d6 Rac8 29. Qd4 Bf5 30. Rac1 Rxe1+ 31. Rxe1 Be6 32. Be5 Rc4 33. Qd2 Qd8 34. Rc1 a5 35. Bf4 a4 36. Ra1 Qc8 37. Qa5 Nd7 38. Rxa4 Rxa4 39. Qxa4 Nf8 40. Qa1 Bd7 41. Bd5 Ne6 42. Be5 f6 43. Bf4 Kf8 44. Be3 Qb8 45. Qa3 Kf7 46. Ba7 Qb1+ 47. Kg2 Qf5 48. Qb3 Kg6 49. f3 Ng5 50. g4 Qf4 51. Be3 Qxd6 52. h4 Ne6 53. Be4+ Kf7 54. h5 g6 55. hxg6+ hxg6 56. Qc4 Kg7 57. Qc1 Nf8 58. Qh1 Kg8 59. Qh6 Qe6 60. Bf4 f5 61. gxf5 gxf5 62. Qg5+ Qg6 63. Bd5+ Kh7 64. Kg3 Qxg5+ 65. Bxg5 Kg6 66. Be7 Nh7 67. Kf4 Nf6 68. Bc4 Nh5+ 69. Ke5 Bc6 70. f4 Be4 71. Be6 Ng7 72. Bd7 Bb1 73. Bg5 Be4 74. Bc8 Nh5 75. Bd7 Ng7 76. Bf6 Kf7 77. Bd8 Bb1 78. Bc6 Ba2 79. Bf3 Bb1 80. Bd5+ Kg6 81. Bf6 Nh5 82. Bg5 Ng7 83. Bg8 Be4 84. Kd6 Nh5 85. Ke7 Ng7 86. Bf7+ Kh7 87. Kf6 Bf3 88. Bg6+ Kg8 89. Bh6 Nh5+ 90. Kxf5 Ng7+ 91. Ke5 Bh5 92. Be4 Bf7 93. Kf6 Nh5+ 94. Ke7 Ng7 95. Bd3 Bh5 96. Bxg7 Kxg7 97. f5 Kg8 98. f6 Kh8 99. Kf8 Bf3 100. Bg6 Bd5 101. Bf7 Be4 102. Ke7 Bf5 103. Bh5 Bh7 104. f7 Bg8 105. f8Q Kh7 106. Qf6 Bf7 107. Qxf7+ Kh6 108. Qg6# 1-0

[Event "World Cup U14 Girls Prel"]
[Site "Tornelo INT"]
[Date "2021.08.11"]
[Round "10"]
[White "Kanishka, S."]
[Black "Kirdyashkina, Ekaterina"]
[Result "1-0"]
[WhiteElo "1292"]
[BlackElo "1844"]
[PlyCount "175"]
[EventDate "2021.08.11"]
[EventType "swiss (rapid)"]
[EventRounds "10"]
[EventCountry "NET"]
[SourceTitle "EXT 2025"]
[Source "ChessBase"]
[SourceDate "2024.10.14"]
[SourceVersion "1"]
[SourceVersionDate "2024.10.14"]
[SourceQuality "1"]

1. c4 e5 2. g3 Nf6 3. Bg2 Be7 4. Nc3 0-0 5. Nf3 d6 6. 0-0 Nc6 7. d3 Bd7 8. Rb1 a5 9. a3 Qc8 10. b4 axb4 11. axb4 Bh3 12. Bg5 Bxg2 13. Kxg2 h6 14. Bxf6 Bxf6 15. Nd5 Bd8 16. b5 Nd4 17. Nxd4 exd4 18. Qd2 Qe6 19. Qb2 c6 20. bxc6 bxc6 21. Nb4 Rb8 22. Qc2 Qd7 23. Qa4 Rc8 24. Rb2 Bf6 25. Rfb1 Rfe8 26. Nd5 Qf5 27. Nb6 Rc7 28. Qb4 c5 29. Qb5 Rce7 30. Re1 Kh7 31. Qc6 Re6 32. Nd5 Bd8 33. Nf4 R6e7 34. Qxd6 Bc7 35. Qd5 Qf6 36. Nh3 Re5 37. Qf3 Rf5 38. Qg4 Bd8 39. Nf4 Qe5 40. Reb1 h5 41. Qf3 Kg8 42. Qd5 Qf6 43. Qd7 Rf8 44. Rb8 Qg5 45. h4 Qf6 46. Nh3 Kh7 47. R1b7 Re5 48. Ng5+ Kg6 49. Nf3 Rxe2 50. Qd5 Kh6 51. Qxc5 Re6 52. Qg5+ Qxg5 53. Nxg5 Rf6 54. Ne4 Re6 55. Nc5 Rd6 56. Nd7 Re8 57. Nc5 Kh7 58. Rd7 Rxd7 59. Nxd7 Kg8 60. Nb6 Kf8 61. Nd7+ Ke7 62. Nc5 Bc7 63. Rxe8+ Kxe8 64. Kf3 Ba5 65. Ke4 Be1 66. Kf3 Ke7 67. Nb3 Bc3 68. Ke4 Be1 69. Nxd4 Bxf2 70. c5 Bxg3 71. Nf5+ Kd7 72. Nxg3 Kc6 73. Kd4 g6 74. Ne4 f5 75. Ng5 f4 76. Ne6 f3 77. Ke3 Kd5 78. Nf4+ Kxc5 79. Nxg6 f2 80. Kxf2 Kd4 81. Nf4 Ke5 82. Ke3 Kf5 83. Nxh5 Kg4 84. Nf6+ Kxh4 85. Ke4 Kg5 86. Ke5 Kg6 87. Ke6 Kg7 88. Ke7 1-0

[Event "World Cup U14 Girls Prel"]
[Site "Tornelo INT"]
[Date "2021.08.11"]
[Round "6"]
[White "Kirdyashkina, Ekaterina"]
[Black "Mohd Fadzli, Saffiah Maisarah"]
[Result "0-1"]
[WhiteElo "1844"]
[BlackElo "1384"]
[PlyCount "46"]
[EventDate "2021.08.11"]
[EventType "swiss (rapid)"]
[EventRounds "10"]
[EventCountry "NET"]
[SourceTitle "EXT 2025"]
[Source "ChessBase"]
[SourceDate "2024.10.14"]
[SourceVersion "1"]
[SourceVersionDate "2024.10.14"]
[SourceQuality "1"]

1. e4 c6 2. d4 d5 3. exd5 cxd5 4. Nf3 Nf6 5. c4 Bf5 6. Nc3 e6 7. cxd5 Nxd5 8. Qb3 Nb4 9. Bb5+ N8c6 10. 0-0 Be7 11. Be3 0-0 12. Bxc6 bxc6 13. Qd1 Rb8 14. b3 a5 15. Ne5 Qd6 16. Nc4 Qc7 17. Qd2 Rbd8 18. Rfd1 Nd5 19. Nxd5 Rxd5 20. Bf4 Qa7 21. Ne3 Rd7 22. Nxf5 exf5 23. Qc2 Rfd8 0-1

[Event "Wch U12 Girls rapid"]
[Site "Minsk"]
[Date "2019.08.17"]
[Round "7"]
[White "Kirdyashkina, Ekaterina"]
[Black "Shubenkova, Veronika"]
[Result "0-1"]
[WhiteElo "1811"]
[BlackElo "1646"]
[PlyCount "96"]
[EventDate "2019.08.16"]
[EventType "swiss (rapid)"]
[EventRounds "9"]
[EventCountry "BLR"]
[SourceTitle "EXT 2020"]
[Source "ChessBase"]
[SourceDate "2019.10.17"]
[SourceVersion "1"]
[SourceVersionDate "2019.10.17"]
[SourceQuality "1"]

1. e4 e6 2. d4 d5 3. exd5 exd5 4. c4 Nf6 5. Nc3 c6 6. Nf3 Bd6 7. c5 Bc7 8. Bg5 0-0 9. Be2 Bg4 10. 0-0 Nbd7 11. h3 Bxf3 12. Bxf3 Qb8 13. b4 h6 14. Be3 Re8 15. Rb1 a6 16. a4 Bf4 17. Bxf4 Qxf4 18. b5 axb5 19. axb5 Ra3 20. bxc6 bxc6 21. Na4 Ne4 22. Rb2 Ng5 23. Bg4 Nf6 24. g3 Qe4 25. Re2 Nxh3+ 26. Bxh3 Qxe2 27. Qxe2 Rxe2 28. Nb6 Rd3 29. Nd7 Rxd4 30. Nxf6+ gxf6 31. Bd7 Rc2 32. Bxc6 Rxc5 33. Bd7 Kg7 34. Re1 Rc2 35. Re7 Re4 36. Rxe4 dxe4 37. Bf5 Rc4 38. Kf1 h5 39. Ke2 Kh6 40. Ke3 Rc3+ 41. Ke2 Rc2+ 42. Ke3 Rc4 43. Bxe4 Rxe4+ 44. Kxe4 Kg5 45. f3 f5+ 46. Ke5 f6+ 47. Ke6 f4 48. gxf4+ Kxf4 0-1

[Event "Wch U10 Girls blitz"]
[Site "Minsk"]
[Date "2018.06.24"]
[Round "9"]
[White "Kirdyashkina, Ekaterina"]
[Black "Khamdamova, Afruza"]
[Result "1/2-1/2"]
[WhiteElo "1454"]
[BlackElo "1459"]
[PlyCount "146"]
[EventDate "2018.06.24"]
[EventType "swiss (blitz)"]
[EventRounds "9"]
[EventCountry "BLR"]
[SourceTitle "EXT 2019"]
[Source "ChessBase"]
[SourceDate "2018.10.10"]
[SourceVersion "1"]
[SourceVersionDate "2018.10.10"]
[SourceQuality "1"]

1. e4 Nc6 2. d4 d5 3. exd5 Qxd5 4. Be3 e5 5. dxe5 Qxd1+ 6. Kxd1 Nxe5 7. Bf4 Ng4 8. Ke1 c6 9. h3 N4f6 10. Nf3 Bc5 11. Bd3 Ne7 12. Nbd2 Ned5 13. Bg3 Be6 14. Nb3 Bb6 15. Ke2 0-0-0 16. Rhe1 Rhe8 17. Kf1 Nb4 18. Nc1 c5 19. a3 Nxd3 20. Nxd3 Bc4 21. Rxe8 Rxe8 22. Nfe5 Bd5 23. c4 Be6 24. Nf4 Ne4 25. Nxe6 fxe6 26. Bh2 Bc7 27. Rd1 Rf8 28. f3 Rf5 29. Ke2 Nf6 30. Ng4 Nxg4 31. hxg4 Rf8 32. Bxc7 Kxc7 33. Ke3 Kc6 34. Ke4 b5 35. cxb5+ Kxb5 36. Ke5 Rf6 37. f4 Ka4 38. Rc1 Kb3 39. Rxc5 Kxb2 40. Ra5 Rf7 41. g3 Kc3 42. Kxe6 Rb7 43. Kd6 Kd4 44. Kc6 Rf7 45. Kd6 Ke3 46. Kc6 Kf3 47. Rb5 Kxg3 48. Rb7 Rf6+ 49. Kb5 Kxg4 50. Rxg7+ Kxf4 51. Rxh7 a6+ 52. Ka5 Ke4 53. Ra7 Rf3 54. a4 Kd5 55. Rxa6 Kc5 56. Rb6 Ra3 57. Rb5+ Kc6 58. Kb4 Ra1 59. Rg5 Kb6 60. a5+ Ka6 61. Rg6+ Ka7 62. Rg5 Rb1+ 63. Ka3 Ka6 64. Ka4 Ra1+ 65. Kb4 Rb1+ 66. Kc3 Ra1 67. Kb4 Rb1+ 68. Ka4 Ra1+ 69. Kb4 Rb1+ 70. Kc3 Ra1 71. Kb4 Rb1+ 72. Kc3 Ra1 73. Kb4 Rb1+ 1/2-1/2

[Event "Wch U10 Girls blitz"]
[Site "Minsk"]
[Date "2018.06.24"]
[Round "4"]
[White "Kirdyashkina, Ekaterina"]
[Black "Shukhman, Anna"]
[Result "1/2-1/2"]
[WhiteElo "1454"]
[BlackElo "1506"]
[PlyCount "156"]
[EventDate "2018.06.24"]
[EventType "swiss (blitz)"]
[EventRounds "9"]
[EventCountry "BLR"]
[SourceTitle "EXT 2019"]
[Source "ChessBase"]
[SourceDate "2018.10.10"]
[SourceVersion "1"]
[SourceVersionDate "2018.10.10"]
[SourceQuality "1"]

1. e4 c5 2. Nf3 e6 3. c3 Nc6 4. d4 d5 5. exd5 exd5 6. Be2 Bd6 7. Be3 cxd4 8. cxd4 Nf6 9. Nc3 0-0 10. 0-0 Bf5 11. Bg5 Be7 12. Re1 h6 13. Bh4 Rc8 14. Bg3 Ne4 15. Bf4 Bf6 16. Ne5 Re8 17. Nxc6 bxc6 18. Be3 Nxc3 19. bxc3 Bg5 20. Bxg5 Qxg5 21. Bf3 Be6 22. Qa4 Qe7 23. Rab1 Qc7 24. Qa6 Rb8 25. Rxb8 Rxb8 26. Qa3 Qb6 27. Qc1 Qb2 28. a4 Qb3 29. Bd1 Qc4 30. Qa1 Qd3 31. Be2 Qg6 32. Bf3 Qg5 33. g3 Qf6 34. Bg2 Qf5 35. Qc1 Qd3 36. Re3 Qc4 37. Bf1 Qxa4 38. Re1 Qa5 39. Qc2 Qa3 40. Rc1 g6 41. Bd3 Kg7 42. Kg2 Rb2 43. Qd1 Qa2 44. Rc2 Rxc2 45. Bxc2 Qa3 46. Qd3 Bf5 47. Qd2 Bxc2 48. Qxc2 Qa5 49. Qb3 Qc7 50. Qa4 Qb6 51. Qa3 Qc7 52. Kf1 Qb7 53. Ke2 Qb5+ 54. Ke1 Qb1+ 55. Ke2 Qe4+ 56. Kf1 Qd3+ 57. Kg1 Qd1+ 58. Kg2 Qe2 59. Qxa7 Qe4+ 60. Kf1 Qd3+ 61. Kg2 Qxc3 62. Qb6 Qc2 63. Qb4 Qe4+ 64. Kf1 Qd3+ 65. Kg2 Qe2 66. Qc5 Qe4+ 67. Kf1 Qe6 68. Kg2 Qf6 69. Kg1 Qe6 70. Kg2 Qe4+ 71. Kg1 Qd3 72. Kg2 Qe4+ 73. Kg1 Qe6 74. Kg2 Kf6 75. Qc3 Qe4+ 76. Kg1 Qe6 77. Qf3+ Kg7 78. Qc3 Qd6 1/2-1/2

[Event "Wch U10 Girls rapid"]
[Site "Minsk"]
[Date "2018.06.23"]
[Round "9"]
[White "Szczotka, Klara"]
[Black "Kirdyashkina, Ekaterina"]
[Result "0-1"]
[WhiteElo "1418"]
[BlackElo "1627"]
[PlyCount "82"]
[EventDate "2018.06.22"]
[EventType "swiss (rapid)"]
[EventRounds "9"]
[EventCountry "BLR"]
[SourceTitle "EXT 2019"]
[Source "ChessBase"]
[SourceDate "2018.10.10"]
[SourceVersion "1"]
[SourceVersionDate "2018.10.10"]
[SourceQuality "1"]

1. e4 e5 2. Nf3 Nc6 3. Bb5 a6 4. Ba4 b5 5. Bb3 Nf6 6. d3 h6 7. c3 Be7 8. Nbd2 0-0 9. h3 d6 10. Nf1 Na5 11. Bc2 Be6 12. g4 Nh7 13. Ng3 Nc6 14. Nf5 Bxf5 15. gxf5 Ng5 16. Qe2 Nxf3+ 17. Qxf3 b4 18. Rg1 Kh7 19. Qg4 Bf6 20. h4 bxc3 21. bxc3 d5 22. Bb3 Ne7 23. Bg5 Rg8 24. Qh5 Qf8 25. Bxf6 gxf6 26. Ke2 c6 27. f3 a5 28. Kf2 a4 29. Bc2 a3 30. Bb3 Rd8 31. Rxg8 Nxg8 32. exd5 cxd5 33. Rc1 Qc5+ 34. Ke2 Rd7 35. Ba4 Re7 36. c4 e4 37. fxe4 dxe4 38. dxe4 Rxe4+ 39. Kf1 Rf4+ 40. Ke1 Qf2+ 41. Kd1 Rd4# 0-1

[Event "Wch U10 Girls rapid"]
[Site "Minsk"]
[Date "2018.06.22"]
[Round "1"]
[White "Dallemura, Julia"]
[Black "Kirdyashkina, Ekaterina"]
[Result "0-1"]
[WhiteElo "1152"]
[BlackElo "1627"]
[PlyCount "160"]
[EventDate "2018.06.22"]
[EventType "swiss (rapid)"]
[EventRounds "9"]
[EventCountry "BLR"]
[SourceTitle "EXT 2019"]
[Source "ChessBase"]
[SourceDate "2018.10.10"]
[SourceVersion "1"]
[SourceVersionDate "2018.10.10"]
[SourceQuality "1"]

1. e4 e5 2. Nf3 Nc6 3. Bb5 a6 4. Ba4 b5 5. Bb3 Nf6 6. d3 h6 7. Bd5 Bd6 8. 0-0 0-0 9. Re1 Re8 10. Bxc6 dxc6 11. d4 Bg4 12. dxe5 Bxf3 13. Qxf3 Bxe5 14. Nc3 Qd6 15. h3 Rad8 16. Rd1 Qe6 17. Rxd8 Rxd8 18. Bf4 Bxc3 19. Qxc3 Nxe4 20. Qe3 Nd6 21. Qa7 Qc8 22. Rd1 g5 23. Bg3 Rd7 24. b3 f5 25. Be5 Nf7 26. Rxd7 Qxd7 27. Qa8+ Kh7 28. Bc3 Qd1+ 29. Kh2 Qxc2 30. Bd4 Qe4 31. Be3 f4 32. Bc5 f3 33. Qf8 Qd5 34. Bd4 Qxd4 35. Qxf7+ Qg7 36. Qxf3 Qd7 37. Qc3 Qd6+ 38. g3 c5 39. Qc2+ Kg7 40. Qc3+ Kf7 41. Qf3+ Qf6 42. Qd5+ Kg7 43. Qd7+ Qf7 44. Qd2 Qe7 45. Qc3+ Kf7 46. Qf3+ Kg8 47. Qd5+ Kg7 48. Qf3 Qe5 49. Qd1 Qd6 50. Qa1+ Kf7 51. Qb1 Qg6 52. Qd1 Ke7 53. Qe2+ Qe6 54. Qc2 Kd6 55. Qd3+ Kc6 56. Qf3+ Kd7 57. Qd3+ Kc8 58. Qc3 Qf5 59. Qh8+ Kb7 60. Qb2 Qf7 61. Qe2 Qd5 62. Qc2 c4 63. bxc4 Qxc4 64. Qd2 Qe6 65. a3 Qd6 66. Qa2 Kb6 67. Qb3 Qf6 68. Qe3+ Kb7 69. Qe4+ Qc6 70. Qb1 Qf3 71. Qb2 Qe4 72. Qd2 Kb6 73. Qb2 Qe6 74. Qd4+ Kb7 75. Qe4+ Qxe4 76. g4 Qf4+ 77. Kg2 Qc1 78. f3 Qxa3 79. Kg3 Kc6 80. h4 Kd5 0-1